000 00369nam a2200133Ia 4500
008 240624s9999 xx 000 0 und d
041 _aeng
082 _a306.3 STA
100 _aSTARK DAVID
245 _aSENSE OF DISSONANCE ACCOUNTS OF WORTH IN
260 _c2009
_aNew Jersey
_bPrinceton University Press
300 _axviii, : 245 : p. : cm. ; 23
365 _cBPS
_b38
999 _c28383
_d28383